Catalog

Record Details

Catalog Search



Available copies

  • 1 of 1 copy available at LARL/NWRL Consortium.
  • 1 of 1 copy available at Lake Agassiz Regional Library. (Show preferred library)

Current holds

0 current holds with 1 total copy.

Show Only Available Copies
Location Call Number / Copy Notes Barcode Shelving Location Status Due Date
Moorhead Public Library Kim (Text) 33500007783913 Main Available -

Record details

  • ISBN: 0743247752
  • Physical Description: 273 p. ; 24 cm.
  • Publisher: New York : Free Press, 2004.
Subject: Girls > Fiction.
Pool (Game) > Fiction.
Cancer > Patients > Fiction.
Mothers and daughters > Fiction.
Paternal deprivation > Fiction.
Genre: Domestic fiction.
Bildungsromans.
LDR 01086cam a22003138a 4500
00152022
003LARL_NWRL_CONSORTIUM
00520030508143118.0
008030501s2004 nyu 000 1 eng
020 . ‡a0743247752
035 . ‡a(OCoLC)52214730
03500. ‡ilcmarc/BBJ-2721/KRLTECH2
040 . ‡aDLC ‡cDLC
08200. ‡a813/.6 ‡221
099 . ‡aKim
1001 . ‡aKimmel, Haven, ‡d1965- ‡0(LARL_NWRL_CONSORTIUM)57
24510. ‡aSomething rising (light and swift) / ‡cHaven Kimmel.
260 . ‡aNew York : ‡bFree Press, ‡c2004.
300 . ‡a273 p. ; ‡c24 cm.
650 0. ‡aGirls ‡vFiction. ‡0(LARL_NWRL_CONSORTIUM)165389
650 0. ‡aPool (Game) ‡vFiction.
650 0. ‡aCancer ‡xPatients ‡vFiction. ‡0(LARL_NWRL_CONSORTIUM)164050
650 0. ‡aMothers and daughters ‡vFiction. ‡0(LARL_NWRL_CONSORTIUM)166030
650 0. ‡aPaternal deprivation ‡vFiction. ‡0(LARL_NWRL_CONSORTIUM)173966
655 0. ‡aDomestic fiction.
655 7. ‡aBildungsromans. ‡2gsafd
901 . ‡a52022 ‡bOCLC ‡c52022 ‡tbiblio

Additional Resources